Guide and counseling for special needs (Record no. 3929)

MARC details
000 -LEADER
fixed length control field 00456nam a22001457a 4500
008 - FIXED-LENGTH DATA ELEMENTS--GENERAL INFORMATION
fixed length control field 250623b |||||||| |||| 00| 0 eng d
020 ## - INTERNATIONAL STANDARD BOOK NUMBER
ISBN 9780429883
100 ## - MAIN ENTRY--AUTHOR
Author Francisca Chigbu Eberechukou
245 ## - TITLE STATEMENT
Title Guide and counseling for special needs
260 ## - PUBLICATION, DISTRIBUTION, ETC. (IMPRINT)
Place of publication Owerri
Name of publisher Scannergraphics printing press
Date of publication 2022
300 ## - COLLATION
Pagination xvi,304p.
650 ## - TRACINGS
Main Subject Special education-Nigeria
Subdivision (1st) Students with disabilities-counseling
942 ## - ADDED ENTRY ELEMENTS (KOHA)
Item type Books
050 ## - LIBRARY OF CONGRESS CALL NUMBER
Classification number LC3988.N6
Item number .F73
Holdings
Source of classification or shelving scheme Not for loan Permanent location Current location Date acquired Accession No. Full call number Barcode. Koha item type
Library of Congress Classification   Samuel Ogbemudia Main Library, University of Abuja Samuel Ogbemudia Main Library, University of Abuja 06/23/2025 2025/64918-18 LC3988.N6.F73 2025-2627 Books
Library of Congress Classification   Samuel Ogbemudia Main Library, University of Abuja Samuel Ogbemudia Main Library, University of Abuja 06/23/2025 2025/64918-18 LC3988.N6.F73 2025-2628 Books
Library of Congress Classification   Samuel Ogbemudia Main Library, University of Abuja Samuel Ogbemudia Main Library, University of Abuja 06/23/2025 2025/64918-18 LC3988.N6.F73 2025-2629 Books